ENTREPRENEURIAL ACTION ADVANCES IN ENTRE (Record no. 32619)

MARC details
000 -LEADER
fixed length control field 00365nam a2200145Ia 4500
008 - FIXED-LENGTH DATA ELEMENTS--GENERAL INFORMATION
fixed length control field 240624s9999 xx 000 0 und d
041 ## - LANGUAGE CODE
Language code of text/sound track or separate title eng
082 ## - DEWEY DECIMAL CLASSIFICATION NUMBER
Classification number 658.421 COR
100 ## - MAIN ENTRY--PERSONAL NAME
Personal name CORBETT C ANDREW
245 ## - TITLE STATEMENT
Title ENTREPRENEURIAL ACTION ADVANCES IN ENTRE
260 ## - PUBLICATION, DISTRIBUTION, ETC.
Date of publication, distribution, etc. 2012
Place of publication, distribution, etc. United Kingdom
Name of publisher, distributor, etc. Emerald
300 ## - PHYSICAL DESCRIPTION
Extent 306p. ;23cm.
365 ## - TRADE PRICE
Currency code BPS
Price amount 33
440 ## - SERIES STATEMENT/ADDED ENTRY--TITLE
Volume/sequential designation 14
Holdings
Withdrawn status Lost status Damaged status Not for loan Home library Current library Shelving location Date acquired Full call number Barcode Date last seen Copy number Price effective from Koha item type
        IMTN IMTN Rack 32-A 01/07/2022 658.421 COR 32619 06/24/2024 104.6 06/24/2024 Books
Designed & Maintained by: LRC IMT Nagpur Contact: lrc@imtnag.ac.in© 2024. All Rights Reserved.